| 000 | 00690cam a2200241 a 4500 | ||
|---|---|---|---|
| 020 | _a9781616681951 (hardcover) | ||
| 040 | _cDLC | ||
| 082 | 0 | 0 | _a636 NOV 2010 A083 Or. |
| 245 | 0 | 0 | _aMycotoxicoses in animals economically important / |
| 260 |
_aHauppauge, N.Y. : _bNova Science Publishers, _c2010. |
||
| 300 |
_aii, 194 p. : _bill. ; _c26 cm. |
||
| 650 | 0 | _aMycotoxicoses in animals. | |
| 650 | 0 | _aLivestock | |
| 650 | 0 | _aVeterinary mycology. | |
| 650 | 0 | _aMycotoxins. | |
| 650 | 1 | 2 | _aAnimals, Domestic. |
| 650 | 1 | 2 | _aMycotoxins |
| 650 | 2 | 2 | _aVeterinary Medicine. |
| 700 | 1 | _aGonçalez, Edlayne. | |
| 700 | 1 | _aFelicio, Joana D'Arc. | |
| 700 | 1 | _aAquino, Simone. | |
| 942 | _cEK | ||
| 999 |
_c16061 _d16061 |
||